| 000 | 00392nam a2200157 a 4500 | ||
|---|---|---|---|
| 001 | 5558 | ||
| 003 | CDMR | ||
| 005 | 20130116135310.0 | ||
| 008 | 130130s2001||||||||||||||||||||||||||||d | ||
| 040 |
_aCDMR _bcat _cCDMR |
||
| 245 | 0 | _aServeis a les empreses | |
| 260 |
_aBarcelona _c2001 _bBCF Consultors |
||
| 300 |
_a525 p ; _c30 cm |
||
| 500 | _aText en català, castellà i anglès | ||
| 942 | _cMON | ||
| 999 |
_c5558 _d5558 |
||